000
00262nam a2200109Ia 4500
008
230320s9999||||xx |||||||||||||| ||spa||
082
_a
869.56/Y81
100
_a
Yauri Montero, Marcos
245
0
_a
Reina Del Viento, Leyendas
260
_b
AZALEA
942
_8
0
_c
LIB
999
_c
37124
_d
37124